Normal view
MARC view
- الاتصال-وسائل الاتصال الجماهيرية -الفنون
Entry Topical Term
001 - CONTROL NUMBER
- control field: 33563
003 - CONTROL NUMBER IDENTIFIER
- control field: JO-AjAnu
005 - DATE AND TIME OF LATEST TRANSACTION
- control field: 20230606075629.0
008 - FIXED-LENGTH DATA ELEMENTS
- fixed length control field: 230606|| aca||aabn | a|a d
040 ## - CATALOGING SOURCE
- Original cataloging agency: JO-AjAnu
- Transcribing agency: JO-AjAnu
150 ## - HEADING--TOPICAL TERM
- Topical term or geographic name entry element: الاتصال-وسائل الاتصال الجماهيرية -الفنون
670 ## - SOURCE DATA FOUND
- Source citation: Work cat.: (JO-AjAnu)17242: أبو إصبع,صالح تأليف/عبيد الله ,محمد م.مشارك/وأخرون, author 33562, ثقافة الصورة: الإطار النظري، الصورة والتربية، البحوث باللغة الإنجليزية